LEADER 00620cac0 22001931 450 001 SOBE00023076 005 20120305121911.0 100 $a20120305a19759999|||||ita|0103 ba 102 $aIT 110 $ab 200 1 $aCollana di scienze sociali 210 $aNapoli$cCLU$d1975- 801 0$aIT$bUNISOB$c20120305$gRICA 912 $aSOBE00023076 940 $aC 121 Collana SBN 941 $aC 996 $aCollana di scienze sociali$91622635 997 $aUNISOB 998 \\$1001E600200035011$12001 $aStudenti di Sociologia dell'Università di Napoli$eSi-No$ela battaglia per il referendum in due comunità del Mezzogiorno